000 00356nam a2200121Ia 4500
008 190216s9999||||xx |||||||||||||| ||und||
100 _a"Krishnaswami C S,Govindswamy,&Amp;Adyanthaya N R"
245 0 _aBlast And Footrot Diseases Of Rice In Madras State
260 _bIndian Council Og Agri Research
_c1959
300 _a40p
650 _aBotany
942 _cBK
999 _c1231
_d1231